Las 50 ciudades más pobladas de la Unión Europea en un Mapa - Estadísticas

Estadísticas generales
  • Esta prueba ha sido intentada 64 veces
  • La puntuación promedio es 40 de 50
Respuestas en el mapa
Las respuestas están codificadas por una escala verde-roja en el mapa de la prueba según el % correcto abajo.
 
Estadísticas de respuestas
Población Ciudad % Correcto
1 731 649 Barcelona
100%
3 685 265 Berlín
100%
3 506 730 Madrid
100%
2 087 577 París
100%
2 747 395 Roma
100%
873 471 Ámsterdam
98%
547 631 Lisboa
98%
1 369 725 Milán
98%
691 395 Sevilla
96%
911 823 Turín
96%
794 288 Valencia
96%
1 863 845 Varsovia
96%
655 780 Atenas
95%
1 249 597 Bruselas
95%
1 877 155 Bucarest
95%
972 647 Estocolmo
95%
959 188 Nápoles
95%
1 782 240 Budapest
93%
654 707 Helsinki
93%
574 654 Málaga
93%
869 815 Marsella
93%
1 603 776 Múnich
93%
1 397 880 Praga
93%
1 295 591 Sofía
93%
2 028 499 Viena
93%
559 440 Copenhague
91%
554 554 Dublín
89%
674 997 Zaragoza
89%
790 017 Zagreb
88%
632 614 Riga
86%
1 964 021 Hamburgo
84%
537 152 Vilna
84%
663 401 Palermo
79%
1 087 353 Colonia
75%
809 168 Cracovia
74%
539 040 La Haya
68%
651 446 Róterdam
68%
578 000 Génova
63%
572 087 Dortmund
61%
635 933 Stuttgart
60%
621 202 Düsseldorf
58%
593 009 Leipzig
54%
761 561 Fráncfort
53%
546 451 Bremen
49%
528 014 Gotemburgo
49%
557 199 Dresde
42%
685 285 Łódź
40%
583 123 Essen
37%
536 818 Poznan
33%
673 531 Breslavia
26%
No se encontraron pruebas coincidentes
Distribución de puntuación
Porcentaje de gente con cada puntuación
Porcentaje por número respondido
Historial de tus puntuaciones
No has intentado esta prueba.